Pluges a Catalunya durant l'any meteorològic comprès entre el 1r de desembre del 1930 i el 30 de novembre del 1931 / per Joaquim Febrer
Descripción Física:
55 p. ; 23 cm
Colección:
Notes d'estudi ; 53
Otros Autores:
Servei Meteorològic de Catalunya
MARC
| LEADER | 00000nam a2200000Ia 4500 | ||
|---|---|---|---|
| 001 | 22548 | ||
| 008 | 160829s1933 xx 000 0 cat d | ||
| 080 | |a RF-15-92 | ||
| 100 | |a Febrer, Joaquim |9 47470 | ||
| 245 | |a Pluges a Catalunya durant l'any meteorològic comprès entre el 1r de desembre del 1930 i el 30 de novembre del 1931 / per Joaquim Febrer | ||
| 260 | |a Barcelona : |b Generalitat de Catalunya, Servei Meteorològic de Catalunya, |c 1933 | ||
| 300 | |a 55 p. ; |c 23 cm | ||
| 490 | |a Notes d'estudi ; 53 | ||
| 590 | |a Prové de 4166, exp. 6 | ||
| 650 | |a Meteorologia |x Barcelona |x Observacions |9 20169 | ||
| 700 | |a Servei Meteorològic de Catalunya |9 35488 | ||
| 856 | 4 | |u https://media.diba.cat/diba/fitxers/arxiu/fulletons/bib_22548_1933_baixa.pdf |y Accés lliure | |
| 856 | 4 | |u https://media.diba.cat/diba/fitxers/arxiu/fulletons/bib_22548_1933_baixa.pdf |y Accés lliure | |
| 901 | |a Arxiu | ||
| 942 | |n 1 |2 udc | ||
| 952 | |0 0 |1 0 |4 0 |6 RF1592 |7 1 |9 53898 |a Arxiu |b Arxiu |d 2016-12-01 |l 0 |o RF-15-92 |p 22548 |r 2016-12-01 00:00:00 |w 2016-12-01 |y ARXIU | ||
| 999 | |c 57765 |d 57765 | ||
| 900 | |a bib_22548_1933_baixa.pdf | ||